000 00260 a2200097 4500
001 12995
100 _aNorris.F
245 _aMcteague: Story of san Francisco. Authoritative Text Contexts Criticism
260 _a
_bW W Norton & Company
_c
090 _c9998
_d9998
942 _aNUST-CAE
_cM
_c36930
999 _c248068
_d248068